01198 a2200229 45000010006000000050017000060080041000230030015000640400040000790800017001192450058001360200018001942500012002122640053002243000023002775050424003000410008007241000030007327000021007627000023007838560162008062127520260407155504.0260407a1996 arg spa dAR-UNSa-BCEJYS aAR-UNSa-BCEJYSbspacAR-UNSa-BCEJYS a512xAlgebra10aAlgebra y trigonometría con geometría analítica a970-625-065-4 a3a. ed. 1aMéxico :bGrupo Editorial Iberoaméricac1996 axix, 836 p.c23 cm a1. Conceptos fundamentales de álgebra - 2. Ecuaciones y desigualdades - 3. Funciones y gráficas - 4. Funciones polinomiales y racionales - 5. Funciones exponenciales y logarítmicas - 6. Funciones trigonométricas - 7. Trigonometría analítica - 8. Aplicaciones de la trigonometría - 9. Sistemas de ecuaciones y de desigualdades - 10. Sucesiones, series y probabilidad - 11. Temas de geometría analítica aspa1 aGonzález Pozo, Virgilio1 aCole, Jeffery A.1 aSwokowski, Earl W.41uhttps://biblioeco.unsa.edu.ar/pmb/images/libros/Algebra y trigonometr?a con geometr?a anal?tica Swokowski, Earl W. (1996).jpgyImagen de portadaqimage/jpeg